Responses for Show #3939 - Thursday, October 18, 2001

Contestants

[<< previous game]

Jay Smith, a student from Knoxville, Tennessee

Jeanne Kirk, an IT manager from Hackettstown, New Jersey

Ulhas Rajurkar, a human resources specialist from Lorton, Virginia (whose 1-day cash winnings total $4,599)

[next game >>]

Jeopardy! Round responses

PICTURE THE FIRST LADY
FRANCHISES
(Alex: Want you to name the show when we give you some...)
CLASSIC GAME SHOW TAGLINES
SAM HE IS
RAISING ARIZONA
OH, "BROTHER"!
    $100 1
Jacqueline Kennedy

Ulhas
    $100 11
(Ulhas: What are Wimpy's?)

Subway

UlhasJay
    $100 12
Family Feud

Ulhas
    $100 17
(Ulhas: Who is Calhoun?)

Sam Houston

UlhasJay
    $100 18
Phoenix Suns

Ulhas
    $100 6
(Ulhas: What is "Survivor?")

Big Brother

UlhasJay
    $200 2
Laura Bush

Jeanne
    $200 21
(Ulhas: What is Baskin-Robbins?)

Dairy Queen

UlhasJeanne
    $200 13
(Ulhas: What is Your Show of Shows?)
(Jeanne: What is Duck Soup?)

You Bet Your Life

UlhasJeanne
Triple Stumper
    $200 20
Sammy Hagar

Jeanne
    $200 19
Arizona State University

Triple Stumper
    $200 7
The Blues Brothers

Ulhas
    $300 3
(Pat) Nixon

Ulhas
    $300 22
Mail Boxes Etc.

Ulhas
    $300 14
The Dating Game

Jeanne
    $300 28
Sam Donaldson

Ulhas
    $300 25
Tombstone

Ulhas
    $300 8
Dr. Joyce Brothers

Ulhas
    $400 4
Rosalynn Carter

Ulhas
    $400 23
Jazzercise

Jeanne
    $400 15
Truth or Consequences

Ulhas
    $400 29
Samuel Adams

Ulhas
    $400 26
Take It Easy

Jeanne
    $400 9
(Ulhas: [no response])

"Soul Brother No. 1"

Ulhas
Triple Stumper
    $500 5
Mary Todd Lincoln

Ulhas
    $500 24
Snap-on Tools

Jay
    $500 16
Let's Make a Deal

Ulhas
    $500 30
Sam Rayburn

Ulhas
    $500 27
John McCain

Jeanne
    $500 10
Brother, Can You Spare a Dime?

Ulhas

Scores at the first commercial break (after clue 16):

Ulhas Jeanne Jay
$2,500 $300 $200

Scores at the end of the Jeopardy! Round:

Ulhas Jeanne Jay
$4,100 $2,000 $800

Double Jeopardy! Round responses

ENGLISH LIT
(Alex: That's a good subject!)
'60s POP QUIZ
GIFF US ZE FORMULA!
ORANGE YOU GLAD?
HISTORY OF THE WORLD PART 5
(Alex: Some of it probably hasn't happened yet!)
ANIMAL PARTS
    $200 1
(Ulhas: Who is Wilbur?)

Napoleon

UlhasJeanne
    $200 6
The Beatles

Ulhas
    $200 14
(Ulhas: What is Hg?)

Ag

UlhasJay
    $200 13
orange roughy

Jeanne
    $200 12
Thor Heyerdahl

Jay
    $200 11
bear claw

Jay
    $400 2
The Saint

Ulhas
    $400 7
Butch Cassidy and the Sundance Kid

Ulhas
    $400 20
K

Ulhas
    $400 19
agent orange

Ulhas
    $400 25
(Ulhas: I'd better get this!)

India

Ulhas
    $400 15
pigeon-toed

Jeanne
    $700 3
The Time Machine

Ulhas
    $600 8
Jan and Dean

Ulhas
    $600 21
Mg

Jay
    $600 22
A Clockwork Orange

Jeanne
    $600 26
(Ulhas: Who is da Gama?)

Ferdinand Magellan

Ulhas
Triple Stumper
    $600 16
pigtails & ponytails

Jeanne
    $800 4
Ulysses

Jay
    $800 9
The Doors

Jeanne
    $800 29
Cu

Ulhas
    $800 23
(Ulhas: What is Marnier?)

Curacao

UlhasJay
    $800 27
Syria

Triple Stumper
    $800 17
batwing doors

Triple Stumper
    $1000 5
Amis

Ulhas
    $1000 10
Monterey Pop Festival

Ulhas
    $1000 30
Na

Ulhas
    $4,000 24
(Jay: What is William the Orange?)
(Alex: OK -- it would be like calling me Alex the Trebek!)

William of Orange

Jay
    $1000 28
Pu Yi

Triple Stumper
    $1000 18
(Jeanne: What is catgut?)

cat whisker

JeanneJay

Scores at the end of the Double Jeopardy! Round:

Ulhas Jeanne Jay
$9,600 $3,800 $8,600

[wagering suggestions for these scores]

Final Jeopardy! Round responses

ORGANIZATIONS
JeanneWhat is the Daughters of the American Revolution
$3,800
JayWhat is the DAR?
$8,000
UlhasWhat is DAR?
$9,600
Daughters of the American Revolution

Final scores:

Ulhas Jeanne Jay
$19,200 $7,600 $16,600
2-day champion: $23,799 3rd place: Trip to Harvest Inn, Napa Valley, California 2nd place: 7-night Costa Caribbean Cruise

Game dynamics:

Coryat scores:

Ulhas Jeanne Jay
$9,500 $3,800 $5,600
28 R
(including 2 DDs),
10 W
13 R,
2 W
12 R
(including 1 DD),
0 W

Combined Coryat: $18,900

[game clues] [game scores] [suggest correction]

Game tape date: 2001-08-22
The J! Archive is created by fans, for fans. Scraping, republication, monetization, and malicious use prohibited; this site may use cookies and collect identifying information. See terms. The Jeopardy! game show and all elements thereof, including but not limited to copyright and trademark thereto, are the property of Jeopardy Productions, Inc. and are protected under law. This website is not affiliated with, sponsored by, or operated by Jeopardy Productions, Inc. Join the discussion at JBoard.tv.